[Event "ESP-ch U16"]
[Site "Salobrena"]
[Date "2012.07.21"]
[Round "9"]
[White "Mercado Larrea, Adrian"]
[Black "Forsberg Conde, Martin"]
[Result "0-1"]
[WhiteElo "1875"]
[BlackElo "2046"]
[PlyCount "98"]
[EventDate "2012.07.16"]
[EventType "swiss"]
[EventRounds "9"]
[EventCountry "ESP"]
[SourceTitle "EXT 2014"]
[Source "ChessBase"]
[SourceDate "2013.11.20"]
[SourceVersion "1"]
[SourceVersionDate "2013.11.20"]
[SourceQuality "1"]

1. d4 d5 2. c4 e6 3. Nc3 Nf6 4. cxd5 exd5 5. Bg5 Nbd7 6. e3 c6 7. Qc2 Be7 8. Bd3 0-0 9. Nge2 Re8 10. 0-0 Nf8 11. f3 Be6 12. Kh1 Rc8 13. Rad1 Bd7 14. e4 dxe4 15. fxe4 Ng4 16. Bxe7 Qxe7 17. Qd2 c5 18. Bc4 Ne6 19. d5 Ng5 20. Qf4 Qe5 21. Bd3 f6 22. h3 Qxf4 23. Rxf4 Ne5 24. Bb5 Ngf7 25. Rf2 Nd6 26. Bxd7 Nxd7 27. Ng3 Re5 28. b3 Rb8 29. Rc1 h5 30. Re1 Rbe8 31. Rd1 g6 32. h4 Kg7 33. Rdf1 b5 34. a3 b4 35. axb4 cxb4 36. Nce2 Nxe4 37. Nxe4 Rxe4 38. Nf4 Nc5 39. Rf3 Kf7 40. Nh3 Rxh4 41. Rxf6+ Kg7 42. Rf7+ Kh6 43. R1f3 Rd4 44. Nf4 Re1+ 45. Kh2 Rdd1 46. Nh3 Ne4 47. g3 Rd2+ 48. Nf2 Ng5 49. Rd3 Rxd3 0-1

[Event "ESP-ch U16"]
[Site "Salobrena"]
[Date "2012.07.18"]
[Round "4"]
[White "Forsberg Conde, Martin"]
[Black "Castillo Rodriguez, Angel Luis"]
[Result "1/2-1/2"]
[WhiteElo "2046"]
[BlackElo "1805"]
[PlyCount "56"]
[EventDate "2012.07.16"]
[EventType "swiss"]
[EventRounds "9"]
[EventCountry "ESP"]
[SourceTitle "EXT 2014"]
[Source "ChessBase"]
[SourceDate "2013.11.20"]
[SourceVersion "1"]
[SourceVersionDate "2013.11.20"]
[SourceQuality "1"]

1. e4 e6 2. d4 d5 3. Nc3 dxe4 4. Nxe4 Nd7 5. Nf3 Ngf6 6. Ng3 b6 7. Bd3 Bb7 8. 0-0 Be7 9. c3 0-0 10. Ne5 Nxe5 11. dxe5 Qd5 12. Qf3 Qxf3 13. gxf3 Nd7 14. f4 Rfd8 15. Bc2 b5 16. Ne4 Nb6 17. f3 Nd5 18. Kf2 c5 19. Be3 c4 20. Nd2 Rd7 21. Be4 Nxe3 22. Kxe3 Bc5+ 23. Ke2 Rad8 24. Rfd1 Rd3 25. Nf1 b4 26. cxb4 Bxb4 27. Rdc1 R3d4 28. Bd3 Rxd3 1/2-1/2

[Event "ESP-ch U16"]
[Site "Salobrena"]
[Date "2012.07.17"]
[Round "3"]
[White "Abal Cores, Lucas"]
[Black "Forsberg Conde, Martin"]
[Result "1/2-1/2"]
[WhiteElo "1951"]
[BlackElo "2046"]
[PlyCount "116"]
[EventDate "2012.07.16"]
[EventType "swiss"]
[EventRounds "9"]
[EventCountry "ESP"]
[SourceTitle "EXT 2014"]
[Source "ChessBase"]
[SourceDate "2013.11.20"]
[SourceVersion "1"]
[SourceVersionDate "2013.11.20"]
[SourceQuality "1"]

1. e4 e5 2. Nf3 Nc6 3. Bc4 Bc5 4. c3 Nf6 5. d4 exd4 6. cxd4 Bb4+ 7. Bd2 Nxe4 8. Bxb4 Nxb4 9. Bxf7+ Kxf7 10. Qb3+ d5 11. Ne5+ Ke6 12. Qxb4 c5 13. Qa3 Qf6 14. 0-0 Rf8 15. f3 cxd4 16. Ng4 Qf4 17. Qd3 h5 18. Nf2 Nxf2 19. Kxf2 Kf7 20. Rd1 Qh4+ 21. Kg1 Re8 22. Na3 Re3 23. Qb5 Qg5 24. Nc2 Rxf3 25. Rxd4 Bh3 26. Qxd5+ Qxd5 27. Rxd5 Be6 28. Rxh5 Rd3 29. Rf1+ Kg6 30. Rc5 Rd2 31. b3 Rad8 32. Re1 Bd5 33. Ne3 Bc6 34. h4 Rxa2 35. Rg5+ Kh7 36. Nf5 Rd7 37. h5 Ra5 38. g4 Ra2 39. h6 Rg2+ 40. Kf1 gxh6 41. Rh5 Rxg4 42. Rxh6+ Kg8 43. Ne7+ Kg7 44. Nf5+ Kf8 45. Rh8+ Rg8 46. Rxg8+ Kxg8 47. Ne7+ Kf7 48. Nxc6 bxc6 49. Re4 Kf6 50. Rc4 Rd6 51. Ra4 Rd7 52. Ra6 Rc7 53. Ke2 Ke6 54. Kd3 Kd6 55. Kc4 Rb7 56. Ra5 Kc7 57. Kc5 Kd7 58. b4 Rb5+ 1/2-1/2

[Event "ESP-ch U16"]
[Site "Salobrena"]
[Date "2012.07.16"]
[Round "2"]
[White "Forsberg Conde, Martin"]
[Black "Blesa Fernandez, Francisco"]
[Result "1-0"]
[WhiteElo "2046"]
[BlackElo "1835"]
[PlyCount "64"]
[EventDate "2012.07.16"]
[EventType "swiss"]
[EventRounds "9"]
[EventCountry "ESP"]
[SourceTitle "EXT 2014"]
[Source "ChessBase"]
[SourceDate "2013.11.20"]
[SourceVersion "1"]
[SourceVersionDate "2013.11.20"]
[SourceQuality "1"]

1. e4 e6 2. d4 d5 3. Nc3 Nf6 4. e5 Nfd7 5. f4 c5 6. Nf3 Nc6 7. Be3 Be7 8. Be2 0-0 9. 0-0 f6 10. exf6 Nxf6 11. Ne5 Nxd4 12. Bxd4 cxd4 13. Qxd4 Qc7 14. Kh1 a6 15. a4 Bc5 16. Qd3 b6 17. Bf3 Bb7 18. Ne2 Rac8 19. c3 Bd6 20. Nd4 Rce8 21. Rae1 Ne4 22. Bxe4 dxe4 23. Qg3 Bxe5 24. fxe5 Qc4 25. Rxf8+ Rxf8 26. h3 Rf1+ 27. Rxf1 Qxf1+ 28. Kh2 e3 29. Nxe6 g6 30. Qg5 Kf7 31. Nf4 e2 32. Qf6+ Ke8 1-0

[Event "ESP-ch U16"]
[Site "Salobrena"]
[Date "2012.07.16"]
[Round "1"]
[White "Redondo Benavente, Jose Carlos"]
[Black "Forsberg Conde, Martin"]
[Result "0-1"]
[WhiteElo "1719"]
[BlackElo "2046"]
[PlyCount "110"]
[EventDate "2012.07.16"]
[EventType "swiss"]
[EventRounds "9"]
[EventCountry "ESP"]
[SourceTitle "EXT 2014"]
[Source "ChessBase"]
[SourceDate "2013.11.20"]
[SourceVersion "1"]
[SourceVersionDate "2013.11.20"]
[SourceQuality "1"]

1. e4 e5 2. Nf3 Nc6 3. Bc4 Bc5 4. 0-0 d6 5. h3 Nf6 6. d3 h6 7. c3 g5 8. d4 exd4 9. cxd4 Bb6 10. e5 dxe5 11. Nxe5 Nxe5 12. dxe5 Qxd1 13. Rxd1 Ne4 14. Rf1 Bd4 15. Bd5 Nc5 16. Nd2 c6 17. Nb3 Nxb3 18. Bxb3 0-0 19. Re1 Re8 20. Re4 c5 21. g4 Rxe5 22. Rxe5 Bxe5 23. Bd5 Be6 24. Bxb7 Rd8 25. Bf3 Rd3 26. Kg2 Bd5 27. Bxd5 Rxd5 28. Be3 Bxb2 29. Rb1 Bd4 30. Rd1 Kg7 31. Bxd4+ Rxd4 32. Rxd4 cxd4 33. Kf3 f5 34. gxf5 Kf6 35. Ke4 d3 36. Kxd3 Kxf5 37. Ke3 h5 38. Kf3 h4 39. a4 a5 40. Kg2 Kf4 41. Kf1 Kf3 42. Kg1 Ke2 43. Kg2 Ke1 44. f4 gxf4 45. Kf3 Kd2 46. Kxf4 Kc3 47. Kg4 Kb4 48. Kxh4 Kxa4 49. Kg5 Kb3 50. h4 a4 51. h5 a3 52. Kg6 a2 53. h6 a1Q 54. Kh7 Qf6 55. Kg8 Qxh6 0-1

[Event "Catalunya-chT"]
[Site "Catalunya"]
[Date "2012.02.18"]
[Round "4.10"]
[White "Forsberg Conde, Martin"]
[Black "Colls Gelaberto, Emilio"]
[Result "0-1"]
[WhiteElo "2095"]
[BlackElo "2149"]
[PlyCount "74"]
[EventDate "2012.01.28"]
[EventType "team-tourn"]
[EventRounds "11"]
[EventCountry "ESP"]
[SourceTitle "EXT 2013"]
[Source "ChessBase"]
[SourceDate "2012.11.22"]
[SourceVersion "1"]
[SourceVersionDate "2012.11.22"]
[SourceQuality "1"]
[WhiteTeam "Foment Martinenc"]
[BlackTeam "Figueres"]
[WhiteTeamCountry "ESP"]
[BlackTeamCountry "ESP"]

1. e4 c6 2. d4 d5 3. e5 Bf5 4. Nf3 e6 5. c3 Nd7 6. b4 Ne7 7. Be2 Bg6 8. Bg5 h6 9. Bf4 Nf5 10. h4 h5 11. g3 a5 12. b5 a4 13. Nbd2 Qa5 14. bxc6 bxc6 15. Qc1 Rb8 16. Rb1 Rxb1 17. Nxb1 Be7 18. Kf1 0-0 19. Ng5 Rb8 20. Nd2 c5 21. dxc5 Bxc5 22. Qd1 Qxc3 23. Bxh5 Qd4 24. Rh2 Bxh5 25. Qxh5 Nh6 26. Qd1 Rb2 27. Ngf3 Qd3+ 28. Kg2 Rxa2 29. Bxh6 gxh6 30. Rh1 Bb4 31. Qb1 Qxb1 32. Nxb1 a3 33. Rc1 Rb2 34. Nxa3 Bxa3 35. Rc7 Nc5 36. Nd4 Ne4 37. Nc2 Bc5 0-1

[Event "Barcelona Tancat-B 3rd"]
[Site "Barcelona"]
[Date "2011.11.19"]
[Round "8"]
[White "Riera Danes, Manel"]
[Black "Forsberg Conde, Martin"]
[Result "1-0"]
[WhiteElo "2017"]
[BlackElo "2058"]
[PlyCount "93"]
[EventDate "2011.10.01"]
[EventType "tourn"]
[EventRounds "9"]
[EventCountry "ESP"]
[SourceTitle "EXT 2013"]
[Source "ChessBase"]
[SourceDate "2012.11.22"]
[SourceVersion "1"]
[SourceVersionDate "2012.11.22"]
[SourceQuality "1"]

1. e4 e5 2. Nf3 Nc6 3. d4 exd4 4. Nxd4 Nf6 5. Nc3 Bb4 6. Nxc6 bxc6 7. Bd3 d5 8. exd5 cxd5 9. 0-0 0-0 10. Bg5 c6 11. Qf3 Be7 12. Rae1 Re8 13. h3 h6 14. Bc1 Bd7 15. Ne2 Bd6 16. c4 Be5 17. Ng3 Qc7 18. Nh5 Nxh5 19. Qxh5 Qd6 20. Kh1 Bd4 21. Rd1 Qf6 22. cxd5 Re5 23. Qf3 Qxf3 24. gxf3 Bxh3 25. dxc6 Bxf1 26. Bxf1 Bb6 27. Ba6 Rae8 28. Be3 Bxe3 29. fxe3 Rc5 30. e4 Re6 31. Bb7 Rg6 32. Rd2 a5 33. b3 Rg3 34. e5 Rxf3 35. c7 Rf1+ 36. Kg2 Rxc7 37. Rd8+ Kh7 38. Be4+ g6 39. Kxf1 a4 40. bxa4 Rc4 41. Bd5 Rxa4 42. Rd7 Rf4+ 43. Kg2 Kg8 44. Kg3 Rf5 45. Rxf7 Rxf7 46. a4 Kf8 47. Bxf7 1-0

[Event "Barcelona Tancat-B 3rd"]
[Site "Barcelona"]
[Date "2011.11.05"]
[Round "6"]
[White "Meza Martinez, Alcides Ivan"]
[Black "Forsberg Conde, Martin"]
[Result "1-0"]
[WhiteElo "2154"]
[BlackElo "2058"]
[PlyCount "65"]
[EventDate "2011.10.01"]
[EventType "tourn"]
[EventRounds "9"]
[EventCountry "ESP"]
[SourceTitle "EXT 2013"]
[Source "ChessBase"]
[SourceDate "2012.11.22"]
[SourceVersion "1"]
[SourceVersionDate "2012.11.22"]
[SourceQuality "1"]

1. d4 d5 2. Nf3 Nf6 3. Bf4 e6 4. e3 Bd6 5. Ne5 c5 6. c3 Qb6 7. Qc2 Nbd7 8. Nd2 a6 9. Bd3 Bxe5 10. Bxe5 Nxe5 11. dxe5 Nd7 12. Nf3 c4 13. Be2 Qc7 14. 0-0 Nxe5 15. Nd4 0-0 16. f4 Nc6 17. Rad1 e5 18. Nxc6 bxc6 19. e4 dxe4 20. Qxe4 Qb6+ 21. Kh1 Qxb2 22. Bxc4 exf4 23. Rxf4 Bb7 24. Rb1 c5 25. Rxb2 Bxe4 26. Rxe4 Rfd8 27. Kg1 Ra7 28. Rbe2 Kf8 29. Kf2 a5 30. Bb5 f6 31. Re8+ Rxe8 32. Rxe8+ Kf7 33. a4 1-0

[Event "Barcelona Tancat-B 3rd"]
[Site "Barcelona"]
[Date "2011.10.29"]
[Round "5"]
[White "Forsberg Conde, Martin"]
[Black "Barranco Montilla, Cristobal"]
[Result "0-1"]
[WhiteElo "2058"]
[BlackElo "2124"]
[PlyCount "66"]
[EventDate "2011.10.01"]
[EventType "tourn"]
[EventRounds "9"]
[EventCountry "ESP"]
[SourceTitle "EXT 2013"]
[Source "ChessBase"]
[SourceDate "2012.11.22"]
[SourceVersion "1"]
[SourceVersionDate "2012.11.22"]
[SourceQuality "1"]

1. e4 c5 2. Nf3 Nc6 3. d4 cxd4 4. Nxd4 g6 5. Bc4 Bg7 6. Nb3 Nf6 7. Nc3 0-0 8. 0-0 a6 9. Re1 b5 10. Bf1 d6 11. Nd5 Be6 12. a4 b4 13. a5 Re8 14. Ra4 Nd7 15. Be3 Bxb2 16. Nd4 Bxd5 17. exd5 Nxd4 18. Bxd4 Bxd4 19. Qxd4 Nc5 20. Ra2 b3 21. cxb3 Nxb3 22. Qc3 Nc5 23. Ra3 Rb8 24. Qc4 Qd7 25. Qh4 Kg7 26. Rh3 h5 27. Rg3 Rb3 28. Rxb3 Nxb3 29. Bxa6 Qa7 30. Bb5 Qxa5 31. Rxe7 Qxb5 32. Rxe8 Qxe8 33. g3 Qe5 0-1

[Event "ESP-chT Autonomicas U14"]
[Site "Pamplona"]
[Date "2011.06.28"]
[Round "3.1"]
[White "Forsberg Conde, Martin"]
[Black "Perez Barreto, Adrian"]
[Result "1/2-1/2"]
[WhiteElo "2083"]
[BlackElo "1911"]
[PlyCount "139"]
[EventDate "2011.06.27"]
[EventType "team"]
[EventRounds "6"]
[EventCountry "ESP"]
[SourceTitle "EXT 2015"]
[Source "ChessBase"]
[SourceDate "2014.11.20"]
[SourceVersion "1"]
[SourceVersionDate "2014.11.20"]
[SourceQuality "1"]
[WhiteTeam "Catalunya (U14)"]
[BlackTeam "Canarias (U14)"]
[WhiteTeamCountry "ESP"]
[BlackTeamCountry "ESP"]

1. e4 c5 2. Nf3 Nc6 3. d4 cxd4 4. Nxd4 e6 5. Nc3 Qc7 6. Be3 a6 7. Qd2 Bb4 8. f3 Nf6 9. Nb3 b5 10. a3 Be7 11. Be2 Bb7 12. f4 b4 13. axb4 Bxb4 14. Bf3 Ne7 15. Qd4 Bxc3+ 16. bxc3 Rc8 17. Nc5 0-0 18. 0-0 d5 19. Rfb1 Rb8 20. Nxa6 Bxa6 21. Rxb8 Qxb8 22. Rxa6 Qb1+ 23. Qd1 Qxd1+ 24. Bxd1 Nxe4 25. Bf3 Nf5 26. Bd4 Nd2 27. Be2 Rc8 28. Bd3 g6 29. Bf6 Nb1 30. c4 dxc4 31. Bxc4 Ne3 32. Ba2 Ng4 33. Bd4 Rd8 34. h3 Rxd4 35. hxg4 Nc3 36. g3 Rd2 37. Bb3 Ne2+ 38. Kf2 Nc1+ 39. Ke3 Re2+ 40. Kf3 Rd2 41. Ke3 Re2+ 42. Kf3 Rd2 43. Ra7 Nxb3 44. cxb3 Rd3+ 45. Ke4 Rxb3 46. Ke5 Kg7 47. f5 exf5 48. gxf5 gxf5 49. Kf4 Kg6 50. Ra6+ f6 51. Ra8 Rb4+ 52. Kf3 h5 53. Rh8 Rc4 54. Rg8+ Kf7 55. Rh8 Kg6 56. Rg8+ Kh7 57. Ra8 h4 58. gxh4 Rxh4 59. Ra5 Kg6 60. Ra8 Rb4 61. Rg8+ Kf7 62. Ra8 f4 63. Kg4 Rd4 64. Kf5 f3 65. Ra7+ Ke8 66. Ra3 Rd5+ 67. Kxf6 Rd7 68. Ra8+ Rd8 69. Ra3 Kd7 70. Kf7 1/2-1/2

[Event "ESP-chT Autonomicas U14"]
[Site "Pamplona"]
[Date "2011.06.27"]
[Round "1.1"]
[White "Forsberg Conde, Martin"]
[Black "Shen, Yue"]
[Result "0-1"]
[WhiteElo "2083"]
[BlackElo "2067"]
[PlyCount "58"]
[EventDate "2011.06.27"]
[EventType "team"]
[EventRounds "6"]
[EventCountry "ESP"]
[SourceTitle "EXT 2015"]
[Source "ChessBase"]
[SourceDate "2014.11.20"]
[SourceVersion "1"]
[SourceVersionDate "2014.11.20"]
[SourceQuality "1"]
[WhiteTeam "Catalunya (U14)"]
[BlackTeam "Illes Balears (U14)"]
[WhiteTeamCountry "ESP"]
[BlackTeamCountry "ESP"]

1. e4 c5 2. Nf3 d6 3. d4 cxd4 4. Nxd4 Nf6 5. Nc3 a6 6. Bg5 e6 7. Qd2 Qc7 8. f3 Nbd7 9. 0-0-0 Be7 10. Kb1 b5 11. h4 Bb7 12. g4 h6 13. Be3 b4 14. Nce2 d5 15. Bg2 dxe4 16. g5 exf3 17. Bxf3 Bxf3 18. Nxf3 Ng4 19. g6 Ndf6 20. gxf7+ Kxf7 21. Ned4 Rhd8 22. Rhe1 e5 23. Nxe5+ Qxe5 24. Nc6 Rxd2 25. Nxe5+ Nxe5 26. Bxd2 Nf3 27. Re3 Nxh4 28. Rde1 Ra7 29. Re6 Nf3 0-1

[Event "Mollet del Valles Tancat MC 1st"]
[Site "Mollet del Valles"]
[Date "2011.06.04"]
[Round "7"]
[White "Castillo, Sergio"]
[Black "Forsberg Conde, Martin"]
[Result "0-1"]
[WhiteElo "2121"]
[BlackElo "2052"]
[PlyCount "78"]
[EventDate "2011.04.30"]
[EventType "tourn"]
[EventRounds "9"]
[EventCountry "ESP"]
[SourceTitle "EXT 2024"]
[Source "ChessBase"]
[SourceDate "2023.10.10"]
[SourceVersion "1"]
[SourceVersionDate "2023.10.10"]
[SourceQuality "1"]

1. e4 e5 2. Nf3 Nc6 3. Bc4 Bc5 4. c3 Nf6 5. d3 d6 6. Nbd2 0-0 7. b4 Bb6 8. a4 a5 9. b5 Ne7 10. Bb3 Ng6 11. Nc4 Nh5 12. Bg5 Qe8 13. Nxb6 cxb6 14. Be3 Nhf4 15. Kf1 Qd7 16. h3 Qc7 17. Rc1 Be6 18. c4 Kh8 19. Ng5 h6 20. Nxe6 Nxe6 21. g3 f5 22. exf5 Rxf5 23. Qg4 Qf7 24. Kg2 Rf8 25. Rhf1 Ngf4+ 26. Kg1 Rg5 27. Qd1 Nxh3+ 28. Kh2 Rh5 29. Kg2 Qg6 30. Rh1 Nef4+ 31. Bxf4 Nxf4+ 32. Kg1 Rxh1+ 33. Kxh1 Nh3 34. Kg2 Nxf2 35. Qe2 Qf5 36. g4 Nxg4 37. Rg1 Qg5 38. Bd1 Rf4 39. Kg3 Ne3+ 0-1

[Event "Mollet del Valles Tancat MC 1st"]
[Site "Mollet del Valles"]
[Date "2011.05.28"]
[Round "6"]
[White "Forsberg Conde, Martin"]
[Black "Luke Brezmes, Cristofer"]
[Result "0-1"]
[WhiteElo "2052"]
[BlackElo "2095"]
[PlyCount "52"]
[EventDate "2011.04.30"]
[EventType "tourn"]
[EventRounds "9"]
[EventCountry "ESP"]
[SourceTitle "EXT 2024"]
[Source "ChessBase"]
[SourceDate "2023.10.10"]
[SourceVersion "1"]
[SourceVersionDate "2023.10.10"]
[SourceQuality "1"]

1. e4 e5 2. Bc4 Nf6 3. d3 Bc5 4. Nc3 d6 5. f4 Ng4 6. f5 h5 7. Nh3 Qh4+ 8. Kf1 Be3 9. Nd5 Bxc1 10. Qxc1 Qd8 11. Qg5 c6 12. Qxg7 Rf8 13. Ng5 cxd5 14. Nh7 Nd7 15. Bb5 Ke7 16. Bxd7 Rg8 17. f6+ Kxd7 18. Qxf7+ Kc6 19. Qxd5+ Kc7 20. Qc4+ Kb8 21. Ke2 Rh8 22. Qf7 Qb6 23. Kd2 Qe3+ 24. Kc3 Nf2 25. Qg6 Be6 26. f7 Rc8+ 0-1

[Event "Mollet del Valles Tancat MC 1st"]
[Site "Mollet del Valles"]
[Date "2011.05.21"]
[Round "5"]
[White "Fernandez Diaz, Cristian"]
[Black "Forsberg Conde, Martin"]
[Result "0-1"]
[WhiteElo "2052"]
[BlackElo "2052"]
[PlyCount "58"]
[EventDate "2011.04.30"]
[EventType "tourn"]
[EventRounds "9"]
[EventCountry "ESP"]
[SourceTitle "EXT 2024"]
[Source "ChessBase"]
[SourceDate "2023.10.10"]
[SourceVersion "1"]
[SourceVersionDate "2023.10.10"]
[SourceQuality "1"]

1. d4 d5 2. c4 e6 3. Nf3 Nf6 4. Nc3 c6 5. Bg5 Nbd7 6. e3 Qa5 7. cxd5 Nxd5 8. Qd2 Bb4 9. Rc1 h6 10. Bh4 c5 11. Bc4 N7b6 12. Bb5+ Bd7 13. Bxd7+ Nxd7 14. 0-0 cxd4 15. Qxd4 Bxc3 16. bxc3 0-0 17. c4 N5f6 18. Qb2 Qb6 19. Qb5 Rfc8 20. Bxf6 Nxf6 21. Qxb6 axb6 22. Rb1 Rxc4 23. Rxb6 Rc7 24. Rb2 Nd5 25. h3 Nc3 26. Ra1 b5 27. Nd4 e5 28. Nxb5 Rb7 29. a4 Rxb5 0-1

[Event "Mollet del Valles Tancat MC 1st"]
[Site "Mollet del Valles"]
[Date "2011.05.07"]
[Round "3"]
[White "Forsberg Conde, Martin"]
[Black "Amores Gago, Javier"]
[Result "0-1"]
[WhiteElo "2052"]
[BlackElo "1892"]
[PlyCount "66"]
[EventDate "2011.04.30"]
[EventType "tourn"]
[EventRounds "9"]
[EventCountry "ESP"]
[SourceTitle "EXT 2024"]
[Source "ChessBase"]
[SourceDate "2023.10.10"]
[SourceVersion "1"]
[SourceVersionDate "2023.10.10"]
[SourceQuality "1"]

1. e4 e6 2. d4 d5 3. Nc3 Nf6 4. e5 Nfd7 5. f4 c5 6. Nf3 Nc6 7. Be3 cxd4 8. Nxd4 Bc5 9. Qd2 0-0 10. Be2 a6 11. 0-0 Nxd4 12. Bxd4 b5 13. a3 Bb7 14. Bxc5 Nxc5 15. Qd4 Rc8 16. f5 exf5 17. Rxf5 Ne4 18. Bd3 Nxc3 19. bxc3 Rc6 20. Kh1 Rh6 21. h3 Bc8 22. Rf3 Qb6 23. Qf4 Qc5 24. Raf1 Be6 25. Qg5 Kh8 26. Rg3 Rg8 27. Rf6 Rxf6 28. exf6 g6 29. Rf3 Qxa3 30. Rf4 Qc1+ 31. Kh2 Qe3 32. h4 Qd2 33. h5 gxh5 0-1

[Event "Mollet del Valles Tancat MC 1st"]
[Site "Mollet del Valles"]
[Date "2011.04.30"]
[Round "1"]
[White "Forsberg Conde, Martin"]
[Black "Rojano Alfonso, Carlos"]
[Result "0-1"]
[WhiteElo "2052"]
[BlackElo "2011"]
[PlyCount "54"]
[EventDate "2011.04.30"]
[EventType "tourn"]
[EventRounds "9"]
[EventCountry "ESP"]
[SourceTitle "EXT 2024"]
[Source "ChessBase"]
[SourceDate "2023.10.10"]
[SourceVersion "1"]
[SourceVersionDate "2023.10.10"]
[SourceQuality "1"]

1. e4 e5 2. Bc4 Nf6 3. d3 Bc5 4. Nc3 d6 5. f4 Ng4 6. f5 h5 7. Nh3 Qh4+ 8. Kf1 Nf2 9. Bg5 Nxd1 10. Bxh4 Ne3+ 11. Ke2 Nxc2 12. Nd5 Nxa1 13. Nxc7+ Kd7 14. Nxa8 Nc2 15. Bxf7 Nd4+ 16. Kd1 b6 17. Be6+ Nxe6 18. fxe6+ Kc6 19. a3 Bxe6 20. b4 Be3 21. Ke2 Bh6 22. Ng5 Bg4+ 23. Kf2 Rf8+ 24. Kg3 Kb7 25. Rc1 Na6 26. h3 Bd7 27. b5 Nc5 0-1

[Event "Catalunya-ch U14"]
[Site "Vila Seca"]
[Date "2011.04.20"]
[Round "8"]
[White "Forsberg Conde, Martin"]
[Black "Garcia Castany Musellas, Gal La"]
[Result "1-0"]
[WhiteElo "2052"]
[BlackElo "1968"]
[PlyCount "77"]
[EventDate "2011.04.16"]
[EventType "swiss"]
[EventRounds "8"]
[EventCountry "ESP"]
[SourceTitle "EXT 2015"]
[Source "ChessBase"]
[SourceDate "2014.11.20"]
[SourceVersion "1"]
[SourceVersionDate "2014.11.20"]
[SourceQuality "1"]

1. e4 e5 2. Nf3 Nc6 3. Bc4 Bc5 4. c3 Nf6 5. d3 a6 6. 0-0 0-0 7. Be3 Bxe3 8. fxe3 d5 9. exd5 Nxd5 10. Qe2 Be6 11. Nbd2 Qe7 12. Ne4 h6 13. Ng3 Nb6 14. Bxe6 Qxe6 15. e4 Rad8 16. Nh4 g6 17. Nf3 Na4 18. Qc2 b5 19. b3 Nb6 20. Rad1 Qe7 21. Kh1 b4 22. cxb4 Nxb4 23. Qc3 Nxa2 24. Qd2 Nb4 25. Qxh6 Qf6 26. Nf5 Nc8 27. Ng5 Qh8 28. Qxh8+ Kxh8 29. Nh6 Rxd3 30. Rxd3 Nxd3 31. Nhxf7+ Rxf7 32. Rxf7 Nd6 33. Rxc7 Nb5 34. Rc6 a5 35. Rxg6 Nd4 36. Rb6 Ne2 37. g3 Nc3 38. Kg2 a4 39. bxa4 1-0

[Event "Catalunya-ch U14"]
[Site "Vila Seca"]
[Date "2011.04.18"]
[Round "4"]
[White "Forsberg Conde, Martin"]
[Black "Pozanco Romasanta, Marc"]
[Result "1/2-1/2"]
[WhiteElo "2052"]
[BlackElo "1933"]
[PlyCount "82"]
[EventDate "2011.04.16"]
[EventType "swiss"]
[EventRounds "8"]
[EventCountry "ESP"]
[SourceTitle "EXT 2015"]
[Source "ChessBase"]
[SourceDate "2014.11.20"]
[SourceVersion "1"]
[SourceVersionDate "2014.11.20"]
[SourceQuality "1"]

1. e4 c5 2. Nf3 e6 3. d4 cxd4 4. Nxd4 Nf6 5. Nc3 Nc6 6. Ndb5 Bb4 7. a3 Bxc3+ 8. Nxc3 d5 9. exd5 exd5 10. Bd3 0-0 11. 0-0 d4 12. Ne4 Bf5 13. Bg5 Bxe4 14. Bxe4 h6 15. Bxf6 Qxf6 16. Qf3 Qxf3 17. Bxf3 Rac8 18. Rfd1 Rfd8 19. Be4 g6 20. g4 Ne5 21. h3 b6 22. Kg2 a5 23. b3 Rd6 24. Rd2 Rc3 25. Rad1 f5 26. f4 Nxg4 27. hxg4 fxe4 28. Rxd4 Rxc2+ 29. Kg3 Rxd4 30. Rxd4 Rc3+ 31. Kh4 Rxb3 32. Rxe4 Kf7 33. Rc4 Rxa3 34. Rc7+ Kf8 35. Rc6 g5+ 36. fxg5 hxg5+ 37. Kxg5 Rb3 38. Kg6 Rf3 39. Rd6 Rf2 40. Rd5 Rf3 41. Rb5 Ra3 1/2-1/2

[Event "Catalunya-ch U14"]
[Site "Vila Seca"]
[Date "2011.04.18"]
[Round "5"]
[White "Garriga Cazorla, Pere"]
[Black "Forsberg Conde, Martin"]
[Result "0-1"]
[WhiteElo "1867"]
[BlackElo "2052"]
[PlyCount "62"]
[EventDate "2011.04.16"]
[EventType "swiss"]
[EventRounds "8"]
[EventCountry "ESP"]
[SourceTitle "EXT 2015"]
[Source "ChessBase"]
[SourceDate "2014.11.20"]
[SourceVersion "1"]
[SourceVersionDate "2014.11.20"]
[SourceQuality "1"]

1. d4 d5 2. c4 e6 3. Nc3 Nf6 4. Bg5 Nbd7 5. Nf3 c6 6. e3 Qa5 7. cxd5 exd5 8. Bd3 Ne4 9. Qc2 Nxg5 10. Nxg5 h6 11. Nf3 Bd6 12. 0-0 Nf6 13. Ne5 Bxe5 14. dxe5 Ng4 15. Bf5 Nxe5 16. Bxc8 Rxc8 17. Qf5 Qc7 18. Rac1 Rd8 19. e4 d4 20. Nb5 Qe7 21. Na3 0-0 22. Rfd1 Rfe8 23. f4 Ng6 24. e5 Qb4 25. Nc4 d3 26. Kh1 b5 27. a3 Qb3 28. Nd6 Re7 29. Rxd3 Qxb2 30. Rcd1 Qe2 31. Nc8 Qxd1+ 0-1

[Event "Barcelona IM 10th"]
[Site "Barcelona"]
[Date "2011.01.04"]
[Round "9"]
[White "Gomez Jurado, Luis Alberto"]
[Black "Forsberg Conde, Martin"]
[Result "1-0"]
[WhiteElo "2354"]
[BlackElo "1992"]
[PlyCount "63"]
[EventDate "2010.12.26"]
[EventType "tourn"]
[EventRounds "9"]
[EventCountry "ESP"]
[EventCategory "3"]
[SourceTitle "CBM 140 Extra"]
[Source "ChessBase"]
[SourceDate "2011.03.01"]
[SourceVersion "1"]
[SourceVersionDate "2011.03.01"]
[SourceQuality "1"]

1. c4 e5 2. g3 f5 3. Bg2 Nf6 4. Nc3 Nc6 5. d3 d6 6. Nf3 Be7 7. 0-0 0-0 8. a3 a5 9. Rb1 Qe8 10. e3 Qh5 11. Nd2 Qh6 12. Qe2 g5 13. f4 gxf4 14. gxf4 Kh8 15. Nd5 Nxd5 16. cxd5 Nd8 17. fxe5 dxe5 18. Nc4 Nf7 19. Bd2 Rg8 20. Kh1 Ra6 21. Bc3 Qg7 22. Bf3 Rg6 23. Qf2 b5 24. Nxa5 Ng5 25. Bg2 Ne4 26. Bxe4 fxe4 27. Nc6 Bd6 28. d4 Rf8 29. Qh4 Bg4 30. Qxg4 Rxg4 31. dxe5 Kg8 32. exd6 1-0

[Event "Barcelona IM 10th"]
[Site "Barcelona"]
[Date "2011.01.02"]
[Round "7"]
[White "Lorenzo de la Riva, Lazaro"]
[Black "Forsberg Conde, Martin"]
[Result "1-0"]
[WhiteElo "2367"]
[BlackElo "1992"]
[PlyCount "95"]
[EventDate "2010.12.26"]
[EventType "tourn"]
[EventRounds "9"]
[EventCountry "ESP"]
[EventCategory "3"]
[SourceTitle "CBM 140 Extra"]
[Source "ChessBase"]
[SourceDate "2011.03.01"]
[SourceVersion "1"]
[SourceVersionDate "2011.03.01"]
[SourceQuality "1"]

1. c4 e5 2. g3 f5 3. Bg2 Nf6 4. Nf3 Nc6 5. 0-0 Bc5 6. Nxe5 Nxe5 7. d4 Bxd4 8. Qxd4 Nc6 9. Qd3 d6 10. b3 0-0 11. Bb2 Ne5 12. Qd4 Qe7 13. Nc3 Nc6 14. Qd2 Kh8 15. Nd5 Nxd5 16. cxd5 Ne5 17. Rae1 b6 18. Rc1 Rf7 19. Rfe1 f4 20. Bxe5 Qxe5 21. gxf4 Qh5 22. Rc3 Bb7 23. Rg3 Raf8 24. e3 Re7 25. Rc1 Rf6 26. Qd3 Bc8 27. Qd1 Qh4 28. Rc4 Rh6 29. h3 Qf6 30. Qc1 Qf7 31. e4 Rh4 32. f5 h6 33. Qc3 a5 34. f6 gxf6 35. Qc1 Kh7 36. Rcc3 f5 37. exf5 Bxf5 38. Rcf3 Re5 39. Rc3 Re7 40. Rce3 a4 41. Rxe7 Qxe7 42. Rc3 axb3 43. Rxc7 Bd7 44. axb3 Qg7 45. Qe3 Rd4 46. Qg3 Qe7 47. Kh2 Kh8 48. Qe3 1-0